000 00438cam a2200169 4500
001 D15196
008 090401t1971 xxu||||| |||| 00| 0 eng d
035 _a(Sirsi) u20966
041 _aeng
110 _aRoyal Institution of Chartered Surveyors
_94900
245 4 _aThe chartered surveyor and farm business management
260 _bRICS
_c1971
350 _a0
520 _aFiled in box 1971/20 A
942 _n0
948 _c04/03/1997
999 _c87903
_d87903